MARC

LEADER 00000nam0a2200000 4500
001 8039
005 20231101204556.0
010 |a 5060026620 
035 |a (RuTPU)RU\TPU\book\8085 
035 |a BOOK00008144 
090 |a 8039 
100 |a 20011209d1998 m y0rusy50 ca 
101 0 |a rus 
102 |a RU 
105 |a y j 000zy 
200 1 |a Математическая теория конструирования систем управления  |e учебник  |f В. Н. Афанасьев, В. Б. Колмановский, В. Р. Носов 
210 |a Москва  |c Высшая школа  |d 1998 
215 |a 574 с. 
451 1 |0 (RuTPU)RU\TPU\book\50083  |y 5-06-004162-X  |t Математическая теория конструирования систем управления  |o учебник  |f В. Н. Афанасьев, В. Б. Колмановский, В. Р. Носов  |e 3-е изд., испр. и доп.  |c Москва  |n Высшая школа  |d 2003  |p 614 с.  |a Афанасьев, Валерий Николаевич 
451 1 |0 (RuTPU)RU\TPU\book\36831  |y 5-06-000046-X  |t Математическая теория конструирования систем управления  |o учебное пособие  |f В. Н. Афанасьев, В. Б. Колмановский, В. Р. Носов  |c Москва  |n Высшая школа  |d 1989  |p 447 с.  |a Афанасьев, Валерий Николаевич 
606 |a Автоматические системы управления  |x Проектирование  |x Математические методы  |2 stltpush  |3 (RuTPU)RU\TPU\subj\843  |9 29649 
610 1 |a конструирование 
610 1 |a математические методы 
610 1 |a учебники 
675 |a 681.51.001.6(075.8)  |v 3 
700 1 |a Афанасьев  |b В. Н.  |g Валерий Николаевич 
701 1 |a Колмановский  |b В. Б.  |g Владимир Борисович 
701 1 |a Носов  |b В. Р.  |g Валерий Романович 
801 0 |a RU  |b 63413507  |c 20011209  |g PSBO 
801 2 |a RU  |b 63413507  |c 20180221  |g PSBO 
942 |c BK